| 000 | 00540nam a2200169Ia 4500 | ||
|---|---|---|---|
| 005 | 20250423094330.0 | ||
| 008 | 250422s9999 xx 000 0 und d | ||
| 020 | _a9781954081352 | ||
| 050 | _aNA 737 .A32 .A37/ | ||
| 100 | _aSmith, Adrian and Gill, Gordon | ||
| 245 | 0 | _aAdrian Smith + Gordon Gill Architecture 2006-202 | |
| 260 | _bASGG | ||
| 260 | _c2021 | ||
| 300 | _a18 p | ||
| 650 | _aAdrian Smith + Gordon Gill Architecture (Firm)--Catalogs Architecture, Modern--21st century--Catalogs Tall buildings Skyscrapers | ||
| 942 | _cBK | ||
| 999 |
_c26934 _d26934 |
||